书目信息 |
| 题名: |
汉魏六朝百三家集题辞注
|
|
| 作者: | 张溥 著 ;殷孟伦 注 | |
| 分册: | ||
| 出版信息: | 北京 人民文学出版社 1960 |
|
| 页数: | 317页 | |
| 开本: | 21cm | |
| 丛书名: | ||
| 单 册: | ||
| 中图分类: | I213.41 , I206 | |
| 科图分类: | ||
| 主题词: | 古典文学--作品--中国--两汉时代--选集 , 古典文学--作品--中国--魏晋南北朝时代--选集 , 文学--中国 | |
| 电子资源: | ||
| ISBN: | ||
| 000 | 00837nam0 2200277 450 | |
| 001 | 1557344796 | |
| 005 | 20150128155611.59 | |
| 010 | @dCNY1.05 | |
| 091 | @a10019.1450@d¥1.15 | |
| 100 | @a19960329d1960 em y0chiy0110 ea | |
| 101 | 0 | @achi |
| 102 | @aCN@b110000 | |
| 105 | @ac z 000yy | |
| 200 | 1 | @a汉魏六朝百三家集题辞注@9han wei liu chao bai san jia ji ti ci zhu@f张溥著@g殷孟伦注 |
| 210 | @a北京@c人民文学出版社@d1960 | |
| 215 | @a317页@c肖像@d21cm | |
| 300 | @a中国古典文学理论批评专著选辑 | |
| 606 | 0 | @a古典文学@x作品@y中国@z两汉时代@x选集 |
| 606 | 0 | @a古典文学@x作品@y中国@z魏晋南北朝时代@x选集 |
| 606 | 0 | @a文学@x中国 |
| 690 | @aI213.41@v5 | |
| 690 | @aI206@v4 | |
| 701 | 0 | @a张溥@9zhang pu@4著 |
| 702 | 0 | @a殷孟伦@9yin meng lun@f(1908~1988)@4注 |
| 801 | 0 | @aCN@bTSSF@c20150128 |
| 905 | @aZUCC@dI206@eJY28 | |
| 汉魏六朝百三家集题辞注/张溥著/殷孟伦注.-北京:人民文学出版社,1960 |
| 317页:肖像;21cm |
| 中国古典文学理论批评专著选辑 |
| ISBN :CNY1.05 |
| ● |
| 相关链接 |
|
|
|
|
正题名:汉魏六朝百三家集题辞注
索取号:I206/JY28
 
预约/预借
| 序号 | 登录号 | 条形码 | 馆藏地/架位号 | 状态 | 备注 |
| 1 | 7837208 | 278372084 | 学院路分馆/ [索取号:I206/JY28] | 在馆 |